000 00747nas a2200241 4500
001 BR0806529
003 BR-BrBNA
005 20231205112137.0
007 ta
008 230509b bl.|||p| |||| 00| 00por d
040 _aBR-BrBNA
_bpor
_cBiblioteca Nacional de Agricultura
041 _a(En)
072 _aL20
100 1 _aCarvalho, M.A.S. de
100 1 _aStort, A.C.
245 1 _aComparative morphometry of african, italian and german drones and drones generated by brazilian africanized queens
650 _aZANGÃO
650 _aMORFOLOGIA
650 _aABELHA
773 0 _tNeotropical Entomology (Brazil)
_xISSN 0001-1944
_g(1998), v. 23 p. 145-153
_wBR0806529
909 _a202311
_bLúcia
_c55
_dLúcia Elande
942 _2AGRIS
_n0
_cANA
999 _c196325
_d196325